000 00553nam a22001697a 4500
008 150520b xxu||||| |||| 00| 0 eng d
020 _a1550092219
041 0 _aeng
080 _a616-006.6
245 0 0 _aCancer medicine 6 review :
_ceditors, Donald W. Kufe ... [et al.].
260 _aHamilton, Ont. ;
_bB.C. Decker,
_cc2003.
300 _a178 f
_c26 cm.
650 0 _aKanceri
_vTestim, pyetje, etj
650 0 _aOnkologjia
_vTestim, pyetje, etj
_xDiagnozat
700 1 _aKufe, Donald W.
942 _2udc
_cBK
999 _c837
_d837